000 01023cam a2200289Ii 4500
008
020 _a9780128040119 (paperback)
040 _aNUST
_cNUST
049 _aMAIN
090 _aRD540
_bMET
245 0 0 _aMetabolism and pathophysiology of bariatric surgery :
_bnutrition, procedures, outcomes and adverse effects /
_c[edited by] Victor R. Preedy, Rajkumar Rajendram &. Colin R. Martin.
264 1 _aAmsterdam :
_bAcademic Press,
_c2017.
300 _axxvii, 655 pages :
_billustrations ;
_c28 cm.
336 _atext
_btxt
_2rdacontent
337 _aunmediated
_bn
_2rdamedia
338 _avolume
_bnc
_2rdacarrier
500 _aIncludes index.
504 _ancludes bibliographical references.
650 0 _aObesity
_xSurgery.
700 1 _aPreedy, Victor R
_eeditor.
700 1 _aRajendram, Rajkumar
_eeditor.
700 1 _aMartin, Colin R
_eeditor.
907 _a.b10400369
_b11-11-21
_c31-03-21
003
005 20230120204323.0
942 _cBOOKS
_kRD540
_mMET
999 _c121114
_d121114